000 01252nam a2200325 a 4500
999 _c488326
_d488326
003 BLK
005 20240603124530.0
008 180410b bul|||||r ||||||| ||bul||
010 _aKNG00166800000
020 _a9789543575381
040 _aBLK
041 _aBUL
_cBUL
072 7 _2bullib
_aН85
_xДетска художествена литература Н
080 _aСловашка литература
_b821.162.4
_x-93-31
_z821.162.4-93-31
100 _aБалко, Петер
_eпърви автор
_91299
139 _aБалко, Петер
_bБ 23
245 1 0 _aНай-добрият приятел
_cПетер Балко; прев. от словаш. Анжелина Пенчева.
257 _aBGR
260 _aСофия
_bЕМАС
_c2022
300 _a207 с.
_c21 см
380 _aDX
490 _aПоредица Европейски разказвачи на ХХ - ХХІ век
_9207401
_v58
500 _aОриг. загл. Vtedy v losoncy / Peter Balko.
700 _aПенчева, Анжелина Христова
_eпрев. от словаш.
_91142
856 4 _qpdf
_i0.00
_ldisable
856 4 _qpdf
_i0.00
_ldisable
942 _cKNG
_n0
_012
_s1
944 _lВася Ганчева
_k30549
999 _d488326